00527nam a22001217a 4500008004100000040005500041080001600096245018700112260005200299300001400351650001600365700002400381230620b |||||||| |||| 00| 0 eng d aNational Science LibrarycNational Science Library a624.042bL0 aProceedings of technical meeting concerning wind on buildings and structuresc/ Held at the national Bureau of Standards...........................................27-28 January, 1969 aWashington: bUS Department of Commerce, c1969 avi, 164p. aProceedings aMarshall, R D (Ed.)